Introductory Linear Algebra: an applied first course (Record no. 3448)

MARC details
000 -LEADER
fixed length control field 00578nam a22002057a 4500
003 - CONTROL NUMBER IDENTIFIER
control field OSt
005 - DATE AND TIME OF LATEST TRANSACTION
control field 20250920020003.0
008 - FIXED-LENGTH DATA ELEMENTS--GENERAL INFORMATION
fixed length control field 160408b xxu||||| |||| 00| 0 eng d
020 ## - INTERNATIONAL STANDARD BOOK NUMBER
International Standard Book Number 0131277731
040 ## - CATALOGING SOURCE
Transcribing agency DDC
082 ## - DEWEY DECIMAL CLASSIFICATION NUMBER
Classification number 512.5 KOL 2005
100 ## - MAIN ENTRY--PERSONAL NAME
Personal name Kolman, Bernard; Hill, David R.
9 (RLIN) 7712
245 ## - TITLE STATEMENT
Title Introductory Linear Algebra: an applied first course
250 ## - EDITION STATEMENT
Edition statement 8th ed.
260 ## - PUBLICATION, DISTRIBUTION, ETC. (IMPRINT)
Place of publication, distribution, etc. New Jersay; Pearson, 2005
300 ## - PHYSICAL DESCRIPTION
Extent xx,111p; col.ill: 25cm
504 ## - BIBLIOGRAPHY, ETC. NOTE
Bibliography, etc Glossary, answers, & index included
650 ## - SUBJECT ADDED ENTRY--TOPICAL TERM
Topical term or geographic name as entry element Linear algebra
9 (RLIN) 3634
942 ## - ADDED ENTRY ELEMENTS (KOHA)
Source of classification or shelving scheme Dewey Decimal Classification
Koha item type Open Shelf
Koha issues (borrowed), all copies 1
Holdings
Withdrawn status Lost status Source of classification or shelving scheme Damaged status Not for loan Home library Current library Date acquired Total Checkouts Full call number Barcode Date last seen Date last checked out Koha item type Source of acquisition Inventory number
    Dewey Decimal Classification     MUST Main Library MUST Main Library 08/04/2016 3 512.5 KOL 2005 2016-0689 18/03/2021 08/03/2021 Open Shelf    
    Dewey Decimal Classification     MUST Main Library MUST Main Library 24/09/2019 2 512.5 KOL 2005 2019-0476 22/09/2025 19/09/2025 Open Shelf Purchase 06/27998